Films Disney à partir d'images d'oiseaux - Statistiques

Statistiques générales
  • Ce quiz a été pris 547 fois
  • Le résultat moyen est 10 sur 15
Statistiques - réponses
Par images Hint Réponse % Correct
Zazu Le Roi Lion
96%
Iago Aladdin
93%
Heihei Vaiana, la Légende du bout du monde
83%
Dame Gertrude Robin des Bois
74%
Eurêka La Petite Sirène
73%
Archimède Merlin l'Enchanteur
73%
Les Vautours Le Livre de la jungle
71%
Orville Les Aventures de Bernard et Bianca
69%
Amélie et Amélia Jacasse Les Aristochats
68%
Diablo La Belle au bois dormant
64%
Flit Pocahontas : Une légende indienne
53%
Maître Hibou Les Aventures de Winnie l'ourson
52%
Dodo Alice au pays des merveilles
33%
Les Corbeaux Dumbo
33%
Madame Upanova Fantasia
18%
Aucun quiz correspondant
Distribution des résultats
% des personnes avec chaque résultat
Percentile par nombre de réponses
Votre historique - résultats
Vous n’avez pas pris ce quiz